[Event "Challenge"]
[Site "http://www.queenalice.com/game.php?id=1396910"]
[Date "2015.12.2"]
[Round "-"]
[White "Deleon"]
[Black "fjalves"]
[Result "0-1"]
[WhiteElo "1635"]
[BlackElo "1666"]

1. e4 e5 2. Nf3 Nc6 3. Bb5 d6 4. d4 a6 5. Bxc6+ bxc6 6. O-O Be7 7. Be3 Nf6 8.
Nc3 O-O 9. Qe2 Bg4 10. Rad1 exd4 11. Rxd4 c5 12. Rd3 Rb8 13. h3 c4 14. Rd4 Be6
15. Na4 c6 16. Ng5 c5 17. Nxe6 fxe6 18. Rxc4 d5 19. exd5 Nxd5 20. Bd2 Qc7 21.
Qxe6+ Kh8 22. Qxd5 Rbd8 23. Qe4 Rxd2 24. Qe6 Rf6 25. Qe3 Rd5 26. Qe4 Rdf5 27.
Qe3 Bd6 28. Nc3 Qc6 29. Na4 Re5 30. Qc3 Rg6 31. f3 Re2 32. Rf2 Bh2+ 33. Kf1 Re5
34. Nxc5 Bg3 35. Nd3 Qd7 36. Rd2 Re3 37. Rd4 Rd6 38. Rxd6 Bxd6 39. Kf2 Re8 40.
Kf1 Rc8 41. Qa5 Qc6 42. b4 Bc7 43. Qf5 Re8 44. Nc5 Qb5+ 45. Kf2 Qxb4 46. Rd1
Qh4+ 47. Kf1 Qc4+ 48. Nd3 Qxc2 49. Rc1 Qe2+ 50. Kg1 Qe3+ 51. Kf1 Bh2 52. Qe4
Rxe4 53. fxe4 Qxd3+ 54. Kf2 Qd2+ 55. Kf3 Qxc1 56. g3 Qc3+ 57. Kf4 Qxg3+ 58. Kf5
Qg6# 0-1

[Event "Melhor de 3 - Deleon x Geison"]
[Site "http://www.queenalice.com/game.php?id=1411263"]
[Date "2016.2.26"]
[Round "-"]
[White "Geison"]
[Black "Deleon"]
[Result "1-0"]
[WhiteElo "1955"]
[BlackElo "1500"]

1. Nc3 e6 2. d4 Nc6 3. Bf4 a6 4. d5 Nb4 5. dxe6 fxe6 6. Nf3 Qf6 7. Bxc7 Qf5 8.
Nd4 Qf6 9. e3 e5 10. Qh5+ g6 11. Qxe5+ Kf7 12. Bc4+ Kg7 13. Ne4 d6 14. Nxf6 dxe5
15. Ne8+ Kh6 16. Bxe5 b5 17. Bxb5 axb5 18. Bxh8 1-0

[Event "CEFET/AL-1999"]
[Site "http://www.queenalice.com/game.php?id=1411351"]
[Date "2016.2.28"]
[Round "2"]
[White "Geison"]
[Black "Deleon"]
[Result "1-0"]
[WhiteElo "2035"]
[BlackElo "1583"]

1. e4 e5 2. Nf3 Nc6 3. Bb5 Nge7 4. d3 a6 5. Bc4 f6 6. Nh4 Na5 7. Qh5+ g6 8. Qf3
Nec6 9. Qh3 d5 10. g4 dxc4 11. Nxg6 Rg8 12. Qxh7 Rg7 13. Qh5 Nb4 14. Na3 cxd3
15. Bh6 dxc2 16. Bxg7 Bxg7 17. Nxe5+ Ke7 18. Ng6+ Kf7 19. Ne5+ Ke7 20. Qf7+ Kd6
21. Ng6 Bh6 22. Nxc2 Kc5 23. Nxb4 Kxb4 24. Rd1 Qxd1+ 25. Kxd1 Bxg4+ 26. Kc2 Rd8
27. a3+ Kb5 28. Qxc7 Rd4 29. b3 Nc6 30. Qxb7+ Kc5 31. b4+ Kd6 32. Qxa6 Kc7 33.
b5 Rd6 34. b6+ Kd7 35. Qb7+ Ke8 36. Qa8+ Kd7 37. b7 Kc7 38. Rb1 Rd8 39. b8=Q+
Rxb8 40. Rxb8 Nxb8 41. Qa7+ Kc8 42. Ne7+ Kd8 43. Qxb8+ Kxe7 44. e5 Kf7 45. exf6
Kxf6 46. a4 Kf5 47. a5 Bf4 48. Qb5+ Ke4 49. a6 Kd4 50. a7 Bxh2 51. Qb4+ 1-0

[Event "OS INCLIVEIS"]
[Site "http://www.queenalice.com/game.php?id=1416203"]
[Date "2016.4.2"]
[Round "-"]
[White "adelio"]
[Black "Deleon"]
[Result "0-1"]
[WhiteElo "1748"]
[BlackElo "1583"]

1. d4 Nc6 2. c4 e6 3. a3 Qf6 4. e3 Nh6 5. Nc3 a6 6. Be2 Qg5 7. g4 d6 8. h4 Qg6
9. h5 Qg5 10. e4 Qe7 11. g5 Ng8 12. Nf3 f6 13. Nh4 fxg5 14. Ng6 hxg6 15. Rg1 Qf7
16. Rxg5 Nge7 17. Bg4 gxh5 18. Rxh5 Rxh5 19. Bxh5 g6 20. Be2 Bg7 21. Be3 Bd7 22.
b4 O-O-O 23. Qc2 Nxd4 24. Bxd4 Bxd4 25. Bf1 Rh8 26. O-O-O Qf6 27. Rd3 Rh1 28.
Rd1 Bxc3 29. Be2 Rh2 30. f3 d5 31. Qd3 Ba4 32. Rf1 Nc6 33. f4 Nd4 34. Bd1 Bxd1
35. Rxd1 Nb3+ 36. Kb1 Rb2# 0-1

[Event "Challenge"]
[Site "http://www.queenalice.com/game.php?id=1436378"]
[Date "2016.8.15"]
[Round "-"]
[White "fornery"]
[Black "Deleon"]
[Result "0-1"]
[WhiteElo "1641"]
[BlackElo "1563"]

1. Nf3 f6 2. e3 e5 3. c3 Nh6 4. Nxe5 fxe5 5. Bc4 d6 6. Qh5+ g6 7. Qf3 Bg4 8.
Qxb7 Nd7 9. Bd5 Nb6 10. Bf3 Bxf3 11. Qxf3 Nf5 12. Qe4 Be7 13. a4 O-O 14. a5 Nd7
15. g3 Nc5 16. Qg4 Nb3 17. Qc4+ Kh8 18. Qxb3 Rb8 19. Qd1 Qd7 20. h4 Qc6 21. Rh3
Rb5 22. h5 Qg2 23. Qg4 g5 24. d4 Qg1+ 25. Kd2 Qxf2+ 26. Qe2 Qxe2+ 27. Kxe2 g4
28. Rh2 Nxg3+ 29. Ke1 Rf1+ 30. Kd2 Rg1 31. c4 Rb4 32. Kc3 c5 33. Na3 Ra4 34. b4
cxb4+ 35. Kb3 Rxa3+ 36. Rxa3 bxa3 37. Bxa3 Nf1 38. Rf2 Kg8 39. c5 dxc5 40. dxc5
g3 41. Rf5 e4 42. c6 Nd2+ 43. Ka4 Bxa3 44. h6 Bd6 45. Rg5+ Kh8 46. Kb5 Nf3 47.
Rg7 g2 48. Ka6 Nh4 49. Rxa7 Kg8 50. Rg7+ Kh8 51. Rd7 Kg8 52. Rd8+ Kf7 53. Rd7+
Ke6 54. Rxh7 Rh1 55. Rg7 Kf6 56. Kb7 Ng6 57. Rd7 Be5 58. Rd5 g1=Q 59. Rb5 Rxh6
60. a6 Rh7+ 61. Ka8 Qa1 62. Rb6 Bc7 63. a7 Bxb6 0-1

[Event "Challenge"]
[Site "http://www.queenalice.com/game.php?id=1444657"]
[Date "2016.10.7"]
[Round "-"]
[White "fjalves"]
[Black "Deleon"]
[Result "1-0"]
[WhiteElo "1688"]
[BlackElo "1594"]

1. e4 e5 2. Bb5 Nf6 3. Nc3 c6 4. Bc4 Bb4 5. d3 d6 6. h3 d5 7. exd5 cxd5 8. Bb5+
Bd7 9. a4 Qc7 10. Ne2 d4 11. Bxd7+ Nbxd7 12. O-O dxc3 13. Ng3 Qc6 14. bxc3 Bxc3
15. Ra3 Bb4 16. Ra2 Nc5 17. Qe2 e4 18. Nf5 Kd7 19. dxe4 Nfxe4 20. Rd1+ Kc7 21.
Bf4+ Kb6 22. Ne7 Nc3 23. a5+ Bxa5 24. Rb2+ Bb4 25. Rxb4+ Ka5 26. Nxc6+ bxc6 27.
Qc4 Rhc8 28. Ra1+ N5a4 29. Qc5+ Ka6 30. Raxa4+ Nxa4 31. Rxa4+ Kb7 32. Qb4# 1-0

[Event "Challenge"]
[Site "http://www.queenalice.com/game.php?id=1459796"]
[Date "2017.1.16"]
[Round "-"]
[White "fjalves"]
[Black "Deleon"]
[Result "1-0"]
[WhiteElo "1694"]
[BlackElo "1607"]

1. e4 e5 2. Nf3 Nc6 3. Bb5 f6 4. d3 Na5 5. Be3 c6 6. Bc4 d5 7. exd5 cxd5 8. Bb5+
Bd7 9. Nc3 d4 10. Bxd4 exd4 11. Nxd4 Bxb5 12. Ndxb5 a6 13. Na3 Bb4 14. O-O Qd4
15. Qe2+ Ne7 16. Rae1 O-O 17. Qe6+ Rf7 18. Re4 Qc5 19. Nc4 Nxc4 20. Rxc4 Qa5 21.
Ne4 h6 22. a3 Bxa3 23. bxa3 b5 24. Nd6 Kh8 25. Nxf7+ Kg8 26. Re4 Ng6 27. Nxh6+
Kh7 28. Nf5 Qxa3 29. Qf7 Rg8 30. Nh4 Rf8 31. Qxg6+ Kg8 32. Nf5 Rf7 33. Re8+ Qf8
34. Rxf8+ Kxf8 35. Re1 a5 36. Qh7 Rc7 37. Qh8+ Kf7 38. Qxg7# 1-0

[Event "Challenge"]
[Site "http://www.queenalice.com/game.php?id=1459845"]
[Date "2017.1.16"]
[Round "-"]
[White "Deleon"]
[Black "adelio"]
[Result "0-1"]
[WhiteElo "1581"]
[BlackElo "1534"]

1. e4 a6 2. Bc4 e6 3. Nh3 b5 4. Bd3 c5 5. Qf3 Bb7 6. Qf4 Be7 7. Be2 h5 8. d3 f6
9. Qg3 g5 10. f4 d5 11. fxg5 fxg5 12. Bxg5 dxe4 13. dxe4 Bxe4 14. c3 Nd7 15. Nf4
Bxg5 16. Bxh5+ Rxh5 17. Nxh5 Qe7 18. Nf4 e5 19. Nh3 Bh4 20. Qxh4 Qxh4+ 21. Kf1
O-O-O 22. Nd2 Rf8+ 23. Ke2 Bxg2 24. Rhg1 Bxh3 25. Kd1 Qh5+ 26. Kc1 Qh6 27. b3
Rf1+ 28. Rxf1 Bxf1 29. Kc2 Qg6+ 30. Kb2 Bh3 31. Re1 Ngf6 32. Re3 Be6 33. Rg3 Qf7
34. Nf3 Ne4 35. Ng5 Qf2+ 36. Ka3 b4+ 37. cxb4 cxb4+ 38. Ka4 Nb6+ 39. Ka5 Nxg3
40. Nxe6 Ne4 41. Kxb4 Qd2+ 42. Ka3 Qd6+ 43. Kb2 Qxe6 44. a4 Nd2 45. Kc2 Nxb3 46.
Kb2 Nxa4+ 47. Ka3 Nac5 48. Kb4 a5+ 49. Ka3 Qc4 50. Ka2 a4 51. h3 Qc2+ 52. Ka3
Qc3 53. Ka2 Nc1+ 54. Kb1 a3 55. h4 Qb2# 0-1

[Event "Challenge"]
[Site "http://www.queenalice.com/game.php?id=1464448"]
[Date "2017.2.14"]
[Round "-"]
[White "fornery"]
[Black "Deleon"]
[Result "0-1"]
[WhiteElo "1643"]
[BlackElo "1546"]

1. e3 e5 2. b3 Qf6 3. Nf3 e4 4. c4 Qxa1 5. Nc3 Bb4 6. Qc2 Bxc3 7. dxc3 exf3 8.
Kd2 d6 9. b4 g6 10. gxf3 Be6 11. Qb3 Bf5 12. e4 Be6 13. Kc2 b5 14. f4 bxc4 15.
Qa3 Nc6 16. f5 gxf5 17. Bg2 Nxb4+ 18. cxb4 Qd4 19. Be3 Qg7 20. Bf3 fxe4 21. Bxe4
d5 22. Qa4+ Bd7 23. b5 dxe4 24. Qxc4 Qg2 25. Qd4 f6 26. Rd1 Qg4 27. Qd5 c6 28.
bxc6 Rc8 29. Qxd7+ Qxd7 30. Rxd7 Rxc6+ 31. Kb3 Kxd7 32. Bxa7 Ne7 33. a4 Ra6 34.
Bc5 Rha8 35. Kc3 Rxa4 36. Kd2 Nd5 37. h4 Ra1 38. Ke2 R8a2# 0-1

[Event "OS INCLIVES"]
[Site "http://www.queenalice.com/game.php?id=1471475"]
[Date "2017.4.1"]
[Round "-"]
[White "adelio"]
[Black "Deleon"]
[Result "0-1"]
[WhiteElo "1327"]
[BlackElo "1582"]

1. Nf3 e6 2. c4 d6 3. d4 Nf6 4. Nc3 Nc6 5. e4 Bd7 6. Ng5 h6 7. Nxf7 Kxf7 8. Be2
Na5 9. g4 Bc6 10. Bf3 Nxc4 11. b3 Nb6 12. O-O Qe7 13. g5 hxg5 14. Bxg5 e5 15. d5
Bd7 16. Bxf6 Qxf6 17. Qe2 Qg5+ 18. Kh1 Qh4 19. Bh5+ Rxh5 20. f4 Bh3 21. Rf2 Bg4
22. fxe5+ Kg8 23. Qe3 dxe5 24. Ne2 Be7 25. Rg1 Rf8 26. Rgg2 Bg5 27. Qg3 Qxg3 28.
Nxg3 Rxf2 29. Rxf2 Rh4 30. Nf5 Rh5 31. Ng3 Rh3 32. Nf1 Bf3+ 33. Kg1 Bxe4 34. Re2
Rh4 35. Ng3 Bxd5 36. Nf5 Rg4+ 37. Ng3 e4 38. Kf1 e3 39. Nf5 Rf4+ 40. Ke1 Rxf5
41. h3 Be4 42. h4 Bxh4+ 43. Rf2 exf2+ 44. Kf1 Bd3+ 45. Kg2 f1=Q+ 46. Kh2 Rf2#
0-1

[Event "OS INCLIVEIS"]
[Site "http://www.queenalice.com/game.php?id=1471476"]
[Date "2017.4.1"]
[Round "-"]
[White "Deleon"]
[Black "adelio"]
[Result "1-0"]
[WhiteElo "1651"]
[BlackElo "1329"]

1. e4 a6 2. Nc3 c5 3. Qh5 e6 4. Na4 g6 5. Qf3 d6 6. Nh3 Be7 7. b3 Nd7 8. Nf4
Ndf6 9. g4 e5 10. g5 Bg4 11. Qg3 exf4 12. Qxf4 Be6 13. gxf6 Nxf6 14. e5 Nd5 15.
Qe4 b5 16. Nb2 Nb4 17. exd6 Bxd6 18. Bd3 Ra7 19. a3 Nxd3+ 20. Nxd3 Re7 21. O-O
Bf5 22. Qc6+ Bd7 23. Qxd6 O-O 24. Bb2 Re6 25. Qxc5 Rfe8 26. Qd4 Qg5+ 27. Kh1 f6
28. Qxd7 Qxd2 29. Bxf6 Qh6 30. Rfe1 Rxf6 31. Rxe8+ Rf8 32. Qe6+ Kh8 33. Qf6+ Kg8
34. Ne5 Rxe8 35. Qf7+ 1-0

[Event "Challenge"]
[Site "http://www.queenalice.com/game.php?id=1477380"]
[Date "2017.5.9"]
[Round "-"]
[White "fjalves"]
[Black "Deleon"]
[Result "0-1"]
[WhiteElo "1722"]
[BlackElo "1622"]

1. e4 e5 2. Nf3 Nc6 3. Qe2 d6 4. Nc3 Bg4 5. Nd5 a6 6. c3 Nf6 7. Qc4 Nxd5 8. Qxd5
Qf6 9. Bc4 Bxf3 10. gxf3 Qxf3 11. Rg1 g6 12. Rg3 Qf4 13. d3 Qf6 14. Bg5 Qg7 15.
Rf3 f5 16. exf5 gxf5 17. Rxf5 Nd8 18. O-O-O c6 19. Qf3 d5 20. Bxd5 cxd5 21. Qxd5
Be7 22. Rxe5 Nc6 23. Re3 Rd8 24. Qf5 Rf8 25. Qg4 Rxf2 26. Qh5+ Kf8 27. Bh6 Rf7
28. Bxg7+ Rxg7 29. Rf1+ Kg8 30. h4 h6 31. Qxh6 Rd6 32. Qh5 Rdg6 33. Qd5+ Kh7 34.
h5 Rg5 35. Qe4+ Kh8 36. h6 Rh7 37. Rh3 Kg8 38. Qe6+ Kh8 39. Qc8+ Rg8 40. Qxb7
Bg5+ 41. Kc2 Rxb7 42. h7 Rxh7 43. Rxh7+ Kxh7 44. Rf7+ Kh8 45. Rc7 Nb8 46. a4 Bf4
47. Rb7 Rg2+ 48. Kb3 a5 49. Kc4 Kg8 50. Ra7 Rg4 51. d4 Rg2 52. b3 Nc6 53. Ra6
Ne7 54. Rxa5 Rg3 55. Ra8+ Kf7 56. a5 Bd2 57. a6 Rxc3+ 58. Kb5 Rxb3+ 59. Ka4 Rb4+
60. Ka3 Nd5 61. Ra7+ Ke6 62. Rb7 Bc1+ 63. Ka2 Nc3+ 64. Ka1 Ra4# 0-1

[Event "Challenge"]
[Site "http://www.queenalice.com/game.php?id=1485333"]
[Date "2017.7.8"]
[Round "-"]
[White "Deleon"]
[Black "fornery"]
[Result "1-0"]
[WhiteElo "1591"]
[BlackElo "1673"]

1. e4 e5 2. Nf3 d5 3. Nc3 Qd6 4. Nxd5 Nc6 5. Bb5 Bg4 6. h3 f5 7. hxg4 fxe4 8.
Ng5 Qxd5 9. c4 Qc5 10. Nxe4 Qb6 11. d3 O-O-O 12. Bg5 Bb4+ 13. Nc3 Rf8 14. O-O
Qd4 15. Be3 Qd7 16. Nd5 Nf6 17. Bxc6 Qxc6 18. Nxb4 Qe6 19. f3 h5 20. g5 h4 21.
gxf6 h3 22. gxh3 gxf6 23. h4 Rxh4 24. Bxa7 Qg8+ 25. Kf2 Rh2+ 26. Ke1 Qg3+ 27.
Bf2 Qg2 28. Rc1 Rfh8 29. Kd2 R2h3 30. Qa4 Rd8 31. Qa8+ Kd7 32. Qxb7 Rxf3 33.
Qc6+ Kc8 34. Qe6+ Rd7 35. Qa6+ Kd8 36. Nc6+ Ke8 37. Qc8+ Rd8 38. Qxd8+ Kf7 39.
Qd7+ Kg6 40. Rg1 Rg3 41. Rxg2 Rxg2 42. Ke3 f5 43. Qe6+ Kh5 44. Rh1+ Kg4 45. Qg6#
1-0

[Event "Challenge"]
[Site "http://www.queenalice.com/game.php?id=1499608"]
[Date "2017.10.20"]
[Round "-"]
[White "Mr_SPOCK"]
[Black "Deleon"]
[Result "0-1"]
[WhiteElo "1603"]
[BlackElo "1682"]

1. e4 e5 2. Nf3 Nc6 3. Nc3 Nf6 4. Bc4 Qe7 5. d3 Na5 6. Bg5 Nxc4 7. dxc4 h6 8.
Bh4 Qe6 9. Qd3 Bb4 10. O-O Bxc3 11. bxc3 h5 12. Ng5 Qg4 13. g3 d6 14. f3 Qd7 15.
f4 exf4 16. Rxf4 O-O 17. e5 dxe5 18. Rd4 Qe7 19. Rd5 g6 20. Re1 Nxd5 21. Qxd5 c6
22. Qe4 Bf5 23. Qxe5 Qxe5 24. Rxe5 Bxc2 25. c5 Rae8 26. Nf3 Rxe5 27. Nxe5 Re8
28. Nd7 Re3 29. Nf6+ Kg7 30. Kf2 Re5 31. Nd7 Rd5 32. Nf6 Rxc5 33. Ke3 Rxc3+ 34.
Kd4 Ra3 35. Ne8+ Kh6 36. Nf6 g5 37. Ne4 gxh4 38. gxh4 Ra4+ 39. Ke3 Rxe4+ 40. Kd2
Bb1 41. a4 f5 42. a5 f4 43. h3 f3 44. a6 bxa6 45. Kc1 f2 46. Kxb1 Re2 47. Kc1
f1=Q# 0-1

[Event "Challenge"]
[Site "http://www.queenalice.com/game.php?id=1519890"]
[Date "2018.3.16"]
[Round "-"]
[White "fjalves"]
[Black "Deleon"]
[Result "1-0"]
[WhiteElo "1766"]
[BlackElo "1684"]

1. e4 e5 2. Bc4 Nf6 3. d3 Nc6 4. Be3 Na5 5. Nc3 Bb4 6. Ne2 Nxc4 7. dxc4 Nxe4 8.
Qd5 Ng5 9. Qxe5+ Ne6 10. Nd4 d6 11. Qb5+ Bd7 12. Qxb4 c5 13. Qxb7 cxd4 14. Bxd4
Rb8 15. Qxa7 Rxb2 16. Nd5 O-O 17. Bxb2 Re8 18. O-O Bc6 19. Qa3 Ng5 20. Qc3 f6
21. Rae1 Ne4 22. Qd3 Nc5 23. Qf5 Na4 24. Bxf6 gxf6 25. Nxf6+ Kg7 26. Nxe8+ Bxe8
27. Qg4+ Bg6 28. Re6 Nc5 29. Qd4+ Kg8 30. Rxd6 Qc7 31. Qd5+ Bf7 32. Rd8+ Kg7 33.
Qg5+ Bg6 34. Re1 Kf7 35. Qd5+ Kg7 36. Rg8+ Kh6 37. Qd2+ Kh5 38. Qe2+ Kh4 39. g3+
Kh3 40. Qf1+ Kg4 41. f3+ Kg5 42. h4+ Kf6 43. Qe2 Qxg3+ 44. Kh1 Qxh4+ 45. Qh2
Qxe1+ 46. Kg2 Qe2+ 47. Kg1 1-0

[Event "Challenge"]
[Site "http://www.queenalice.com/game.php?id=1520896"]
[Date "2018.3.23"]
[Round "-"]
[White "fornery"]
[Black "Deleon"]
[Result "0-1"]
[WhiteElo "1763"]
[BlackElo "1655"]

1. e4 e5 2. f4 exf4 3. Qf3 Bd6 4. Bc4 Nf6 5. d4 Qe7 6. e5 Bb4+ 7. c3 Ba5 8. Bxf4
Nc6 9. Qg3 Nh5 10. Qg4 g6 11. Bg5 f6 12. Bxf6 Nxf6 13. Qe2 Nh5 14. Nf3 Nf4 15.
Qd2 Ne6 16. d5 Nxe5 17. Nxe5 Nc5 18. O-O Ne4 19. Re1 Nxd2 20. d6 Qxd6 21. Nxg6+
Kd8 22. Nxh8 Qc5+ 23. Kh1 Qxc4 24. Nxd2 Qg8 25. Re2 Qxh8 26. Rae1 b5 27. Nf3 b4
28. Ng5 Qg8 29. Nxh7 c5 30. Nf6 Qxa2 31. g4 Qf7 32. g5 Qg6 33. Re8+ Kc7 34. Nd5+
Kd6 35. R1e5 Bb7 36. c4 Rxe8 0-1

[Event "Challenge"]
[Site "http://www.queenalice.com/game.php?id=1520897"]
[Date "2018.3.23"]
[Round "-"]
[White "Deleon"]
[Black "fornery"]
[Result "0-1"]
[WhiteElo "1698"]
[BlackElo "1804"]

1. e4 e5 2. Nf3 Qf6 3. d3 d6 4. Nc3 Bg4 5. Be2 d5 6. Nxd5 Qd6 7. Qd2 c6 8. Nb4
Qxb4 9. c3 Qb6 10. Nxe5 Bxe2 11. Qxe2 Na6 12. Qg4 Nf6 13. Qh3 Nc5 14. Be3 Qxb2
15. O-O Qxc3 16. d4 Nfxe4 17. Rac1 Qb2 18. Rb1 Qxa2 19. Rxb7 Qe6 20. Qxe6+ Nxe6
21. Rxf7 Bd6 22. Rb7 c5 23. d5 Nd8 24. Rxg7 Bxe5 25. Rg4 Nf6 26. Rg5 Bd6 27. Rf5
Ke7 28. Bg5 Rf8 29. Re1+ Kf7 30. Rxf6+ Kg8 31. Rxd6 Nf7 32. Rc6 Nxg5 33. Rxc5
Rf4 34. d6 Rd4 35. Rxg5+ Kf7 36. Rh5 Kg6 37. Rhe5 Rxd6 38. f4 Rad8 39. g4 Rf6
40. Rg5+ Kf7 41. f5 a5 42. Rh5 Kg8 43. Re7 h6 44. Re5 a4 45. g5 Rb6 46. gxh6 Rb2
47. Re1 a3 48. h7+ Kh8 49. f6 a2 50. f7 Rb1 51. Re5 a1=Q 52. Re8+ Kxh7 53. f8=Q
Rxe1+ 54. Kg2 Rg1+ 55. Kh3 Rd3+ 56. Kh4 Qd4+ 57. Kh5 Qg4# 0-1